Queer girls and popular culture : reading, resisting, and creating media /
Sparad:
| Huvudupphov: | |
|---|---|
| Materialtyp: | Bok |
| Språk: | engelska |
| Utgiven: |
New York :
Peter Lang,
c2007
|
| Serie: | Mediated youth ;
1 |
| Taggar: |
Inga taggar, Lägg till första taggen!
|
MARC
| LEADER | 00000nam a22000007i 4500 | ||
|---|---|---|---|
| 001 | IT\ICCU\UBO\3650784 | ||
| 003 | ItRI | ||
| 005 | 20260115232006.0 | ||
| 008 | 090616s2007 xxu|||||| ||||| |||||c | ||
| 020 | |a 9780820479361 | ||
| 040 | |b ita |c importazione bologna sebina | ||
| 041 | 7 | |a eng |2 ISO-639-2 | |
| 100 | 1 | |a Driver, Susan |0 IT\ICCU\UBOV\343503 |4 aut | |
| 245 | 1 | 0 | |a Queer girls and popular culture : |b reading, resisting, and creating media / |c Susan Driver. |
| 260 | |a New York : |b Peter Lang, |c c2007 | ||
| 300 | |a 269 p. ; |c 23 cm. | ||
| 830 | 0 | |a Mediated youth ; |v 1 |0 IT\ICCU\UBO\3650786 | |
| 942 | |2 ddc |c BK |n 0 | ||
| 952 | |0 0 |1 0 |4 0 |6 L_302_230000000000000_DRI |7 0 |9 18586 |a BO |b BO |d 2026-01-15 |i 12832 |l 0 |o L 302.230 DRI |p BO12832 |r 2026-01-15 23:20:06 |w 2026-01-15 |x [Sebina 5] [1 v.] |y BK |z 1 v. | ||
| 999 | |c 15750 |d 15750 | ||